Statistics for Major Cities That Are On The Shore Of Laccadive Sea

Click here to take the quiz!

General Stats

  • This quiz has been taken 3 times
  • The average score is 7 of 12

Answer Stats

Cities% Correct
Colombo
100%
Male
100%
Alappuzha
67%
Kochi
67%
Kozhikode
67%
Mangaluru
67%
Thiruvananthapuram
67%
Kannur
33%
Kasaragod
33%
Kollam
33%
Ponnani
33%
Tuticorin
33%

Score Distribution

Percentile by Number Answered

Percent of People with Each Score

Your Score History

You have not taken this quiz